zpět

Detail výsledku týmu

SC Fidor, Opava

Datum a čas kvízu

23 Celkem bodů Celkový počet nahraných bodů na tomto kvízu bez doplňovacích otázek.
2. Pořadí na kvízu Konečné umístění týmu na tomto kvízu.

Zaznamenané odpovědi

# Otázka Odpověď Body Výsledky
1. Minulý týden prezident podepsa... atentát na Heydricha, odchod okupačních vojsk 0
2. V Saúdské Arábii byla ve střed... havarijní pojištění 0
3. Na streamovací platformě Netfl... Barack Obama 1
4. Vítězem prestižních anket Svět... Hyundai Ioniq (5) 0
5. Bývalá světová tenisová jednič... Kim Clijstersová 0
6. V dalším díle této tematické s... šáchor 0
7. Damani jsou malí savci obývají... A) slon 0
8. Tento živočich je typickou koč... serval 1
9. Tato rostlina je významná hlav... kadidlo 0
10. Tento obyvatel subsaharské Afr... hrabáč 0